000 00496nam a22001817a 4500
005 20240202155040.0
008 221219b |||||||| |||| 00| 0 eng d
020 _a978-9383992-61-4
041 _aeng
082 _a631-KUM-P
100 _aYADAV , Dr. RAJENDRA KUMAR
_97393
245 _aPRACTICAL MANUAL ON CROP IMPROVEMENT - I (KHARIF CROPS)
250 _a1st ed.
260 _aNEW DELHI
_bBHAVYA BOOKS PUBLICATIONS
_c2022
300 _a172;P.
650 _aAGRICULTURE
942 _cBK
999 _c8114
_d8112